000 00456nam a2200193Ia 4500
003 0100
008 130303s9999 xx 000 0 und d
040 _cARRUPELIB
050 _aBV176 .G3
100 _aGarrett, T. S
245 _aChristian worship, an introductory outline.
260 _aLondon, New York
260 _bOxford University Press
260 _C1961
300 _a190p.
300 _b 20cm.
700 _aT. S. Garrett
942 0 0 _01
999 _c16949
_d16949